000 00624nam a2200181Ia 4500
008 151018s9999 xx 000 0 und d
082 _bRBASDV47467
_a891.463
100 _aगंगाधर गाडगीळ
245 _a"बंडू,जगू आणि खतरनाक "
250 _b1
260 _bडिंपल
_c2004
300 _a158
600 _aगंगाधर गाडगीळ
630 _a"बंडू,जगू आणि खतरनाक "
700 _aगंगाधर गाडगीळ
730 _a"बंडू,जगू आणि खतरनाक "
942 _cBOOK
999 _c1046601
_d1046598